000 00490nam a22001817a 4500
003 OSt
005 20260216171907.0
008 260216b |||||||| |||| 00| 0 eng d
020 _a9781847928283
082 _a006.3
_bWITT
100 _aWitt, Stephen
245 _aThinking Machine: Jensen Huang, Nvidia, and the World's Most Coveted Microchip
260 _aLondon
_bPenguin Random House
_c2025
300 _a248p
546 _aEnglish
650 _aComputer Science
942 _2ddc
_cBK
999 _c3940
_d3940